| 000 | 00377nam a2200145Ia 4500 | ||
|---|---|---|---|
| 008 | 221030s9999 xx 000 0 und d | ||
| 020 | _a9789386456755 | ||
| 041 | _aEnglish | ||
| 100 | _aS. S. Srivastava | ||
| 245 | 0 |
_aLaw of Contract I & II _cby S. S. Srivastava |
|
| 260 |
_bCentral Law Publications _aPrayagraj _c2022 |
||
| 300 | _a840 | ||
| 650 | _aContract | ||
| 942 | _cBK | ||
| 999 |
_c18912 _d18912 |
||